Statistics for TIMV Maps Quiz

Click here to take the quiz!

General Stats

  • This quiz has been taken 64 times
  • The average score is 30 of 45

Answer Stats

Creator(s)Answer% Correct
Team VareideMineville: Classic
98%
Effervescent06Mineville: Revamped
98%
cameron224Hermit Sands: Classic
91%
QueeniaHermit Sands: Revamped
91%
Team NectarHermit Sands: Revisited
91%
Team VareideSky Lands
89%
Team NectarSky Ship
86%
dirk_barend, LeonardDM, Liredon, LordDeWittRooftops
82%
Team VareideForge
77%
JP005, xBayaniArmadillo
73%
CrypticMechForsaken
73%
TeweranSpring Falls
73%
cameron224, CrypticMechAzure Island
70%
QueeniaWonderland
70%
cameron224Clockwork Island
68%
Effervescent06Spectral
68%
CrypticMechCabin in the Woods
66%
CrypticMechCalypso Harbor
66%
kwirky, JaapChroma
66%
Sneeze7Asian Sky
64%
HoneybluAvalanche
64%
cameron224Frozen Cargo
64%
cjeichHollywood Hotel
64%
ChillKidoMineCity
64%
Team NectarNightclub
64%
cameron224Pirates
64%
GepsutinThe Canal
64%
JP005, xBayaniWelcome to Woodbury
64%
Dav105Construction
61%
Casiopeia111, FlycofxPuerto Tereza
61%
cameron224, ZylpAirhaven
59%
Daniel, ErikCathedral
59%
Mouldy_BurritoKazamuzo Temple
59%
FowbenStudio
59%
Team NectarThe Shire
59%
Sneeze7Castle
57%
Effervescent06, Queenia, ThunderFallen Bridges
57%
Kaval, Nitsune, SphereMetropolis
57%
cjeich, Sphere, PeriksPrecinct
55%
KavalArcwind Temple
52%
supermassimoCosmic Foray
52%
Cymares, KrissixWestwood
52%
extremesnow, Fowben, supermassimoFunfair
48%
Team NectarEagle Rock
45%
MrPolymathStation
45%

Score Distribution

Percentile by Number Answered

Percent of People with Each Score

Your Score History

You have not taken this quiz